logo

Bir Sreshtho Munshi Abdur Rouf Library
Jhenaidah Cadet College

Encyclopedia of science and technology / (Record no. 9954)

MARC details
000 -LEADER
fixed length control field 00947cam a22002774a 4500
001 - CONTROL NUMBER
JCCL Control Number 9954
003 - CONTROL NUMBER IDENTIFIER
JCCL marc code BD-JhCC
005 - DATE AND TIME OF LATEST TRANSACTION
control field 20180403192346.0
008 - FIXED-LENGTH DATA ELEMENTS--GENERAL INFORMATION
fixed length control field 180403s2001 nyuab be 001 0 eng
020 ## - INTERNATIONAL STANDARD BOOK NUMBER
International Standard Book Number 0415937248 (alk. paper)
035 ## - SYSTEM CONTROL NUMBER
system control number (BD-JhCC)9954
040 ## - CATALOGING SOURCE
Original cataloging agency DLC
Transcribing agency DLC
Modifying agency DLC
-- BD-JhCC
041 ## - LANGUAGE CODE
Language code of Book eng
050 00 - LIBRARY OF CONGRESS CALL NUMBER
Classification number Q121
Item number .E53 2001
082 00 - DEWEY DECIMAL CLASSIFICATION NUMBER
Classification number 503
DDC Edition number 21
Author mark and Year ENC 2001
245 00 - TITLE STATEMENT
Title Encyclopedia of science and technology /
Statement of responsibility, etc James Trefil, general editor ; contributing editors, Harold Morowitz, Paul Ceruzzi.
260 ## - PUBLICATION, DISTRIBUTION, ETC. (IMPRINT)
Place of publication, distribution, etc New York :
Name of publisher, distributor, etc Routledge,
Date of publication, distribution, etc c2001.
300 ## - PHYSICAL DESCRIPTION
Pagination 554 p. :
Other physical details col. ill., col. maps ;
Dimensions 29 cm.
504 ## - BIBLIOGRAPHY, ETC. NOTE
Bibliography, etc Includes bibliographical references and index.
650 #0 - SUBJECT ADDED ENTRY--TOPICAL TERM
Topical term or geographic name as entry element Science
Form subdivision Encyclopedias.
650 #0 - SUBJECT ADDED ENTRY--TOPICAL TERM
Topical term or geographic name as entry element Technology
Form subdivision Encyclopedias.
700 1# - ADDED ENTRY--PERSONAL NAME
Personal name Trefil, James,
Dates associated with a name 1938-
856 42 - ELECTRONIC LOCATION AND ACCESS
Materials specified Publisher description
Uniform Resource Identifier http://www.loc.gov/catdir/enhancements/fy0651/2001019983-d.html
942 ## - ADDED ENTRY ELEMENTS (KOHA)
Source of classification or shelving scheme Dewey Decimal Classification
Koha item type Reference
Holdings
Source of classification or shelving scheme Damaged status Not for loan Home library Current library Shelving location Date of accession Total Checkouts Full call number Barcode Date last seen Copy number Koha item type
Dewey Decimal Classification     JCC Rouf Library JCC Rouf Library General Stacks 04/03/2018   503 ENC 2001 12986 04/03/2018 C-1 Reference

JCC Library | Contacts | JCC Home

Last Update on 23 September 2017
Copyright @ 2017-2020 JCC Rouf Library
Rouf Library, Jhenidah Cadet College (JCC), Bangladesh